[Event "Mittelfr. EM 2017 - Nebenturnier"]
[Site "Uttenreuth"]
[Date "2017.04.13"]
[Round "3.6"]
[White "Diebel, Günter"]
[Black "Walter, Manfred"]
[Result "1/2-1/2"]
[WhiteElo "1874"]
[BlackElo "1800"]
[PlyCount "142"]
[EventDate "2017.??.??"]
[WhiteTeam "SC Schwarz-Weiß Nürnberg Süd e.V"]
[BlackTeam "SV Lauf a.d.P."]

1. e4 d6 2. Nf3 Nf6 3. Nc3 e5 4. Bc4 Be7 5. d3 Nbd7 6. a3 c6 7. Qe2 Qc7 8. Bg5
h6 9. Bh4 Nf8 10. Bxf6 Bxf6 11. h3 Ng6 12. g3 b5 13. Ba2 Bb7 14. h4 a5 15. h5
Ne7 16. Nh4 b4 17. Nb1 d5 18. Nd2 Bg5 19. Nhf3 Bxd2+ 20. Nxd2 O-O 21. a4 dxe4
22. dxe4 c5 23. O-O-O Nc6 24. Nf3 Nd4 25. Nxd4 cxd4 26. g4 Ba6 27. Qd2 Rac8 28.
Kb1 Qc6 29. g5 Qxe4 30. gxh6 Bc4 31. hxg7 Bxa2+ 32. Ka1 Rfe8 33. h6 Kh7 34.
Kxa2 Qxc2 35. Qd3+ Qxd3 36. Rxd3 Rc6 37. Rf3 f6 38. Rg3 e4 39. Rhg1 Rg8 40. Rg4
f5 41. Rg5 Rf6 42. Kb3 e3 43. fxe3 dxe3 44. Kc2 Kxh6 45. R5g3 Kh7 46. Rh3+ Rh6
47. Rxe3 Rxg7 48. Rxg7+ Kxg7 49. Re5 Rh2+ 50. Kd1 Kf6 51. Rxa5 Rxb2 52. Rb5 Kg5
53. a5 Ra2 54. Rxb4 Rxa5 55. Ke2 Ra3 56. Kf2 f4 57. Rb2 Kg4 58. Rc2 Rh3 59. Rc8
Rh2+ 60. Kg1 Re2 61. Kf1 Kf3 62. Rc3+ Re3 63. Rc2 Ra3 64. Rf2+ Kg3 65. Rg2+ Kh3
66. Rf2 f3 67. Kg1 Kg3 68. Rg2+ Kf4 69. Rg8 Ra1+ 70. Kf2 Ra2+ 71. Kf1 Rc2
1/2-1/2

[Event "Mittelfr. EM 2017 - Nebenturnier"]
[Site "Uttenreuth"]
[Date "2017.04.13"]
[Round "3.7"]
[White "Walter, Gabriele"]
[Black "Weißmann, Peter"]
[Result "0-1"]
[WhiteElo "1552"]
[BlackElo "1737"]
[PlyCount "118"]
[EventDate "2017.??.??"]
[WhiteTeam "SV Lauf a.d.P."]
[BlackTeam "SK Zirndorf e.V."]

1. c4 e5 2. g3 f5 3. Bg2 c6 4. Nc3 Nf6 5. e3 Bb4 6. Nge2 O-O 7. O-O d5 8. Qb3
Bxc3 9. Nxc3 e4 10. cxd5 cxd5 11. f3 Kh8 12. fxe4 dxe4 13. Qc2 Nc6 14. a3 Ne5
15. b4 Be6 16. Bb2 Rc8 17. Rad1 Bc4 18. Rxf5 Bd3 19. Qc1 Nfg4 20. Rf4 Be2 21.
Bxe4 Rxf4 22. exf4 Qd4+ 23. Kh1 Qf2 24. Bg2 Nd3 25. Qb1 Nxb2 26. Nxe2 Qxe2 27.
Rc1 Rd8 28. Qxb2 Nf2+ 29. Kg1 Nd3 30. Qc2 Qf2+ 31. Kh1 Nxc1 32. Qxc1 Re8 33.
Bf1 h5 34. h4 Qxg3 35. f5 Re1 36. Qc8+ Kh7 37. Qc4 Qh3+ 38. Kg1 Qxf5 39. d4
Qg4+ 40. Kf2 Qxh4+ 41. Kf3 Rxf1+ 42. Qxf1 Qf6+ 43. Kg2 Qxf1+ 44. Kxf1 Kg8 45.
Kf2 Kf7 46. Kf3 g5 47. Ke4 Ke6 48. b5 g4 49. d5+ Kd6 50. a4 g3 51. Kf3 h4 52.
a5 Kxd5 53. b6 a6 54. Kg2 Kc5 55. Kh3 Kb5 56. Kxh4 g2 57. Kh3 g1=Q 58. Kh4 Kxa5
59. Kh5 Kxb6 0-1

[Event "Mittelfr. EM 2017 - Nebenturnier"]
[Site "Uttenreuth"]
[Date "2017.04.13"]
[Round "3.8"]
[White "Rummel, Gerald"]
[Black "Grasser, Stefan"]
[Result "1-0"]
[WhiteElo "1772"]
[BlackElo "1755"]
[PlyCount "117"]
[EventDate "2017.??.??"]
[WhiteTeam "SC Anderssen Nürnberg 1929 e.V."]
[BlackTeam "Spvg Zabo-Eintracht Nürnberg e.V"]

1. d4 b5 2. e4 Bb7 3. Bxb5 Bxe4 4. Nf3 Nf6 5. Nc3 Bb7 6. O-O a6 7. Ba4 e6 8.
Re1 Be7 9. Bb3 c6 10. Bf4 O-O 11. Ng5 h6 12. Nge4 d5 13. Nc5 Bc8 14. Qd3 Nbd7
15. N3a4 Nxc5 16. Nxc5 Qa5 17. Bd2 Qb6 18. Na4 Qa7 19. c3 a5 20. Bc2 Re8 21.
Qf3 Ba6 22. Nc5 Bxc5 23. dxc5 Qe7 24. Bf4 Qxc5 25. Bxh6 Qd6 26. Rad1 Rab8 27.
b3 c5 28. Bg5 Nd7 29. Qh5 Nf8 30. Re3 f5 31. Bxf5 exf5 32. Rxe8 g6 33. Rxf8+
Rxf8 34. Qh4 Qe6 35. f3 Qe5 36. c4 d4 37. Re1 Qh8 38. Qg3 d3 39. Be3 Qf6 40.
Bxc5 d2 41. Rd1 Rd8 42. Be3 Rd3 43. Bg5 Qd4+ 44. Qf2 Qb2 45. Qe2 Qc2 46. Rxd2
Rxd2 47. Qxd2 Qxd2 48. Bxd2 a4 49. Kf2 Kf7 50. Ke3 Ke6 51. Kd4 axb3 52. axb3
Bb7 53. b4 Kd6 54. Bf4+ Ke6 55. b5 Ba8 56. c5 Bd5 57. c6 Bb3 58. b6 Ba4 59. b7
1-0

[Event "Mittelfr. EM 2017 - Nebenturnier"]
[Site "Uttenreuth"]
[Date "2017.04.13"]
[Round "3.9"]
[White "Holl, Manfred"]
[Black "Huber, Dominik"]
[Result "1-0"]
[WhiteElo "2109"]
[BlackElo "1259"]
[PlyCount "49"]
[EventDate "2017.??.??"]
[WhiteTeam "SGem Eckental"]
[BlackTeam "SC Noris-Tarrasch Nürnberg 1873"]

1. e4 c6 2. d4 d5 3. Nc3 dxe4 4. Nxe4 Bf5 5. Ng3 Bg6 6. h4 h6 7. Nf3 e6 8. h5
Bh7 9. Bd3 Bxd3 10. Qxd3 Nf6 11. Bd2 Qb6 12. O-O-O Nbd7 13. Ne5 Nxe5 14. dxe5
Ng4 15. Bf4 Bc5 16. Qd7+ Kf8 17. Ne4 Bxf2 18. Nd6 Be3+ 19. Kb1 Kg8 20. Qxf7+
Kh7 21. Qg6+ Kg8 22. Qxe6+ Kh7 23. Qg6+ Kg8 24. Qxg4 Bd4 25. Bc1 1-0

[Event "Mittelfr. EM 2017 - Nebenturnier"]
[Site "Uttenreuth"]
[Date "2017.04.13"]
[Round "4.1"]
[White "Petrashov, Alexander"]
[Black "Luther, Helmut"]
[Result "0-1"]
[WhiteElo "1899"]
[BlackElo "2006"]
[PlyCount "48"]
[EventDate "2017.??.??"]
[WhiteTeam "SC Noris-Tarrasch Nürnberg 1873"]
[BlackTeam "SC Schwarz-Weiß Nürnberg Süd e.V"]

1. d4 d5 2. c4 e6 3. Nc3 Nf6 4. Nf3 Be7 5. Bf4 O-O 6. e3 c6 7. c5 Nbd7 8. Bd3
Nh5 9. Qc2 h6 10. g4 Nxf4 11. exf4 b6 12. cxb6 axb6 13. h4 Ba6 14. Bh7+ Kh8 15.
g5 f5 16. Bg6 c5 17. Qd1 cxd4 18. Nxd4 Nc5 19. Qf3 Nd3+ 20. Kd2 Qd6 21. Nde2 d4
22. Qh5 dxc3+ 23. Ke3 Qc5+ 24. Nd4 Nxf4 0-1

[Event "Mittelfr. EM 2017 - Nebenturnier"]
[Site "Uttenreuth"]
[Date "2017.04.13"]
[Round "4.2"]
[White "Schlötterer, Hermann"]
[Black "Feldmann, Gerhard"]
[Result "1-0"]
[WhiteElo "1877"]
[BlackElo "1824"]
[PlyCount "93"]
[EventDate "2017.??.??"]
[WhiteTeam "Spvg Zabo-Eintracht Nürnberg e.V"]
[BlackTeam "SGem Eckental"]

1. d4 Nf6 2. g3 d5 3. Bg2 Bf5 4. Nf3 e6 5. O-O Nbd7 6. c4 c6 7. Nc3 Be7 8. Nd2
O-O 9. e4 dxe4 10. Ndxe4 Nxe4 11. Nxe4 Nf6 12. Nc3 Qb6 13. Na4 Qc7 14. Bf4 Bd6
15. Bxd6 Qxd6 16. Nc5 Rab8 17. Qd2 Rfd8 18. Rad1 Bg4 19. f3 Bf5 20. Qf2 a5 21.
g4 Bg6 22. Qe3 b6 23. Nb3 a4 24. Nc1 b5 25. b3 bxc4 26. bxc4 Rb2 27. g5 Nd7 28.
f4 Rc2 29. c5 Nxc5 30. Bf3 Nd7 31. h4 Bf5 32. Be4 Bxe4 33. Qxe4 Rc4 34. Ne2 Nb6
35. f5 Qd5 36. Qg4 e5 37. g6 fxg6 38. fxg6 h6 39. Rf7 exd4 40. Nf4 d3 41. Qh3
Qd4+ 42. Kf1 Qe5 43. Qf3 Rc5 44. Nxd3 Qd5 45. Nf2 Qc4+ 46. Kg2 Qxh4 47. Rxg7+
1-0

[Event "Mittelfr. EM 2017 - Nebenturnier"]
[Site "Uttenreuth"]
[Date "2017.04.13"]
[Round "4.3"]
[White "Weißmann, Peter"]
[Black "Babichev, Vyacheslav"]
[Result "1-0"]
[WhiteElo "1737"]
[BlackElo "1863"]
[PlyCount "133"]
[EventDate "2017.??.??"]
[WhiteTeam "SK Zirndorf e.V."]
[BlackTeam "SC Schwarz-Weiß Nürnberg Süd e.V"]

1. e4 e5 2. d4 exd4 3. Bc4 Nc6 4. Nf3 Be7 5. Nxd4 Ne5 6. Bb3 Nf6 7. f4 Ng6 8.
Qd3 O-O 9. O-O Bc5 10. c3 d6 11. Kh1 Re8 12. Nd2 Nh5 13. g3 Bh3 14. Rf2 Nf6 15.
Bd1 a6 16. Bf3 Ba7 17. Re2 Nd7 18. b4 c5 19. Nf5 cxb4 20. cxb4 Qb6 21. Ba3 Nf6
22. Nc4 Qb5 23. Nfxd6 Qd7 24. e5 Ng4 25. Bxb7 Rad8 26. Qf3 Re7 27. Rc1 Nh6 28.
Bc6 Qc7 29. Rec2 Bg4 30. Qg2 Nf8 31. b5 Bd7 32. Bb4 axb5 33. Na3 Be3 34. Ndxb5
Bxc6 35. Rxc6 Red7 36. Rxc7 Rd1+ 37. Qf1 Bxc1 38. Qxd1 Rxd1+ 39. Kg2 Bxa3 40.
Bxa3 Rd8 41. Be7 Rb8 42. a4 Ne6 43. Rd7 Nf5 44. Bd6 Ra8 45. Ra7 Rc8 46. Nc7 Nd8
47. Ra8 Rxa8 48. Nxa8 Nc6 49. Kf3 Nxd6 50. exd6 Kf8 51. Ke4 Ke8 52. Kd5 Na5 53.
Nb6 Kd8 54. Kc5 h5 55. f5 g6 56. f6 Nb7+ 57. Kc6 Na5+ 58. Kd5 Nb7 59. Nc4 Kc8
60. a5 Nd8 61. Ne5 Kb7 62. Nxf7 Nxf7 63. Ke6 Nd8+ 64. Ke7 Nc6+ 65. Ke8 Ne5 66.
f7 Nxf7 67. Kxf7 1-0

[Event "Mittelfr. EM 2017 - Nebenturnier"]
[Site "Uttenreuth"]
[Date "2017.04.13"]
[Round "4.4"]
[White "Dreiseitel, Werner"]
[Black "Friedrich, Michael"]
[Result "0-1"]
[WhiteElo "1597"]
[BlackElo "1541"]
[PlyCount "62"]
[EventDate "2017.??.??"]
[WhiteTeam "SG Fürth"]
[BlackTeam "SC Erlangen 48/88"]

1. d4 Nf6 2. Bf4 e6 3. e3 c5 4. c3 Qb6 5. Qb3 Be7 6. Nd2 Nh5 7. Bg3 Nxg3 8.
hxg3 d5 9. Bd3 c4 10. Qxb6 axb6 11. Bc2 Nd7 12. Ngf3 h6 13. e4 b5 14. exd5 exd5
15. Rh5 Nf6 16. Re5 Be6 17. Nh4 O-O 18. Ng6 Rfe8 19. Nxe7+ Rxe7 20. a3 b4 21.
cxb4 Rc7 22. Re3 Ng4 23. Rc3 Re8 24. Kf1 Rce7 25. Nf3 Bd7 26. Kg1 Re2 27. Rf1
b5 28. Nh2 Nxh2 29. Kxh2 Rd2 30. Bb1 Ree2 31. Rf3 Rxb2 0-1

[Event "Mittelfr. EM 2017 - Nebenturnier"]
[Site "Uttenreuth"]
[Date "2017.04.13"]
[Round "4.5"]
[White "Müller, Lothar"]
[Black "Diebel, Günter"]
[Result "1-0"]
[WhiteElo "1857"]
[BlackElo "1874"]
[PlyCount "95"]
[EventDate "2017.??.??"]
[WhiteTeam "SK Neumarkt e.V."]
[BlackTeam "SC Schwarz-Weiß Nürnberg Süd e.V"]

1. d4 g6 2. c4 Bg7 3. Nc3 Nc6 4. Nf3 d6 5. e3 Bg4 6. Be2 e5 7. d5 Nce7 8. e4 f5
9. Ng5 Bxe2 10. Qxe2 Qd7 11. O-O f4 12. Nf3 Bf6 13. h3 O-O-O 14. b4 g5 15. Nh2
h5 16. f3 Nh6 17. c5 c6 18. Bb2 Rdg8 19. Rfd1 cxd5 20. Nxd5 Nxd5 21. Rxd5 Nf7
22. Rad1 g4 23. fxg4 hxg4 24. Nxg4 Be7 25. R1d3 Qb5 26. cxd6 Qxb4 27. dxe7 Qxe7
28. Qc2+ Kb8 29. Rd7 Qb4 30. Bc3 Qb6+ 31. Kf1 Rxg4 32. Rxf7 Rg5 33. Re7 Qb5 34.
Ke1 Rxg2 35. Qxg2 Qxd3 36. Bxe5+ Ka8 37. Bxh8 Qb1+ 38. Kf2 Qb6+ 39. Kf3 Qe3+
40. Kg4 a5 41. Rd7 Qb6 42. Kxf4 Qh6+ 43. Qg5 Qf8+ 44. Bf6 Qb4 45. Rd8+ Ka7 46.
Bd4+ b6 47. Bxb6+ Qxb6 48. Qe7+ 1-0

[Event "Mittelfr. EM 2017 - Nebenturnier"]
[Site "Uttenreuth"]
[Date "2017.04.13"]
[Round "4.6"]
[White "Walter, Manfred"]
[Black "Münzenberg, Dietrich"]
[Result "0-1"]
[WhiteElo "1800"]
[BlackElo "1688"]
[PlyCount "94"]
[EventDate "2017.??.??"]
[WhiteTeam "SV Lauf a.d.P."]
[BlackTeam "Spvg Zabo-Eintracht Nürnberg e.V"]

1. f4 d5 2. g3 f5 3. Bg2 Nf6 4. Nf3 e6 5. O-O c5 6. d3 Nc6 7. c3 Rb8 8. Qc2 Bd6
9. Nh4 O-O 10. Nd2 Ng4 11. Ndf3 b5 12. e4 dxe4 13. dxe4 Qb6 14. h3 c4+ 15. Kh1
Ne3 16. Bxe3 Qxe3 17. Rfe1 Qc5 18. Rad1 Be7 19. exf5 exf5 20. Ne5 Nd8 21. Nhf3
g6 22. Nd4 Bf6 23. Ndc6 Nxc6 24. Nxc6 Rb6 25. Ne5 Rd6 26. Rxd6 Qxd6 27. Rd1 Qc7
28. Nf3 Bb7 29. Qe2 Be4 30. Nd4 Qb7 31. Bxe4 fxe4 32. Qe3 Re8 33. Kg2 a5 34.
Kf2 b4 35. Ne2 a4 36. Rd6 Kg7 37. Rb6 Qe7 38. Rxb4 Rd8 39. Rxc4 Rd3 40. Qxe4
Qa7+ 41. Ke1 Re3 42. Rxa4 Qb6 43. Rb4 Qc5 44. Rb7+ Kh6 45. Qg2 Qd6 46. Rb4 Qd3
47. g4 Bh4+ 0-1

[Event "Mittelfr. EM 2017 - Nebenturnier"]
[Site "Uttenreuth"]
[Date "2017.04.13"]
[Round "4.7"]
[White "Balhar, Michael"]
[Black "Holl, Manfred"]
[Result "1/2-1/2"]
[WhiteElo "1791"]
[BlackElo "2109"]
[PlyCount "41"]
[EventDate "2017.??.??"]
[WhiteTeam "SC Erlangen 48/88"]
[BlackTeam "SGem Eckental"]

1. e4 c5 2. Nf3 Nc6 3. Bb5 g6 4. O-O Bg7 5. c3 a6 6. Bxc6 bxc6 7. d4 cxd4 8.
cxd4 Nf6 9. Nc3 Rb8 10. b3 O-O 11. e5 Nd5 12. Nxd5 cxd5 13. Bf4 e6 14. Qd2 Rb6
15. Bh6 f6 16. Rac1 Bxh6 17. Qxh6 Bb7 18. exf6 Qxf6 19. Ne5 Qe7 20. Rc7 Bc6 21.
Rc1 1/2-1/2

[Event "Mittelfr. EM 2017 - Nebenturnier"]
[Site "Uttenreuth"]
[Date "2017.04.13"]
[Round "4.8"]
[White "Diller, Andreas"]
[Black "Hauck, Martin"]
[Result "1-0"]
[WhiteElo "1894"]
[BlackElo "1488"]
[PlyCount "41"]
[EventDate "2017.??.??"]
[WhiteTeam "SK Rothenburg e.V."]
[BlackTeam "SC Noris-Tarrasch Nürnberg 1873"]

1. e4 e5 2. f4 Nc6 3. Nf3 d6 4. Bc4 exf4 5. d4 Qf6 6. O-O Bg4 7. c3 O-O-O 8.
Qa4 a6 9. Bxa6 bxa6 10. Qxc6 Kb8 11. d5 Bc8 12. Nd4 Ne7 13. Qc4 g5 14. b4 Ka7
15. b5 Kb6 16. bxa6 Bd7 17. Na3 Bg7 18. Rb1+ Ka7 19. Nab5+ Bxb5 20. Nxb5+ Kb8
21. Qxc7+ 1-0

[Event "Mittelfr. EM 2017 - Nebenturnier"]
[Site "Uttenreuth"]
[Date "2017.04.13"]
[Round "4.9"]
[White "Walter, Gabriele"]
[Black "Rummel, Gerald"]
[Result "0-1"]
[WhiteElo "1552"]
[BlackElo "1772"]
[PlyCount "86"]
[EventDate "2017.??.??"]
[WhiteTeam "SV Lauf a.d.P."]
[BlackTeam "SC Anderssen Nürnberg 1929 e.V."]

1. c4 Nf6 2. g3 e5 3. Bg2 Nc6 4. Nc3 Bb4 5. e3 Bxc3 6. bxc3 O-O 7. Ne2 d6 8.
O-O Be6 9. d3 e4 10. Nf4 Bg4 11. Qc2 exd3 12. Qxd3 Ne5 13. Qc2 Bf3 14. Qb3 Bxg2
15. Kxg2 b6 16. Nd5 Ne4 17. Qc2 Nc5 18. Qe2 Re8 19. e4 Ned3 20. f3 Nxc1 21.
Raxc1 f5 22. Qc2 fxe4 23. fxe4 Nd7 24. Rce1 Ne5 25. Qb3 Kh8 26. Re2 Qd7 27.
Ref2 c6 28. Ne3 Qe6 29. Qa4 Kg8 30. Rd2 Qh6 31. Rf4 Ng6 32. Nf5 Nxf4+ 33. gxf4
Qxf4 34. Nxd6 Qxd2+ 35. Kf3 Qxd6 36. Qb3 Rf8+ 37. Ke3 Qc5+ 38. Kd2 Rad8+ 39.
Kc1 Rf1+ 40. Kb2 Rd2+ 41. Qc2 Rxc2+ 42. Kxc2 Qxc4 43. e5 Rf2+ 0-1

[Event "Mittelfr. EM 2017 - Nebenturnier"]
[Site "Uttenreuth"]
[Date "2017.04.13"]
[Round "4.10"]
[White "Grasser, Stefan"]
[Black "Huber, Dominik"]
[Result "1-0"]
[WhiteElo "1755"]
[BlackElo "1259"]
[PlyCount "57"]
[EventDate "2017.??.??"]
[WhiteTeam "Spvg Zabo-Eintracht Nürnberg e.V"]
[BlackTeam "SC Noris-Tarrasch Nürnberg 1873"]

1. c4 Nf6 2. Nc3 c6 3. g3 d5 4. cxd5 Nxd5 5. Bg2 Bg4 6. Qb3 Nb6 7. Nf3 N8d7 8.
O-O h6 9. d4 e6 10. Bf4 Be7 11. Rad1 O-O 12. e4 Nf6 13. h3 Bh5 14. g4 Bg6 15.
Rfe1 Qc8 16. Ne5 Bh7 17. Qc2 Nfd5 18. Bg3 Bg5 19. Ne2 Qd8 20. f4 Bh4 21. Qb3
Bxg3 22. Qxg3 Ne7 23. f5 Qd6 24. Qh4 Rad8 25. Nf3 Nc4 26. g5 exf5 27. e5 Qc7
28. gxh6 g6 29. Qf6 1-0

[Event "Mittelfr. EM 2017 - Nebenturnier"]
[Site "Uttenreuth"]
[Date "2017.04.14"]
[Round "5.1"]
[White "Luther, Helmut"]
[Black "Weißmann, Peter"]
[Result "1-0"]
[WhiteElo "2006"]
[BlackElo "1737"]
[PlyCount "48"]
[EventDate "2017.??.??"]
[WhiteTeam "SC Schwarz-Weiß Nürnberg Süd e.V"]
[BlackTeam "SK Zirndorf e.V."]

1. d4 Nf6 2. c4 e6 3. Nf3 b6 4. g3 Bb7 5. Bg2 Bb4+ 6. Bd2 Qe7 7. O-O O-O 8. Bg5
d5 9. a3 Bd6 10. cxd5 exd5 11. Nc3 c6 12. Re1 h6 13. Bc1 Ne4 14. Nd2 f5 15. e3
Nd7 16. Nf1 Rae8 17. f3 Nxc3 18. bxc3 Nf6 19. Bd2 Ba6 20. Qc2 Bxf1 21. Rxf1 g5
22. Qxf5 Rf7 23. Qc2 Bxa3 24. e4 Qc7 1-0

[Event "Mittelfr. EM 2017 - Nebenturnier"]
[Site "Uttenreuth"]
[Date "2017.04.14"]
[Round "5.2"]
[White "Friedrich, Michael"]
[Black "Schlötterer, Hermann"]
[Result "1-0"]
[WhiteElo "1541"]
[BlackElo "1877"]
[PlyCount "93"]
[EventDate "2017.??.??"]
[WhiteTeam "SC Erlangen 48/88"]
[BlackTeam "Spvg Zabo-Eintracht Nürnberg e.V"]

1. e4 d5 2. exd5 Qxd5 3. Nf3 Nf6 4. Nc3 Qd6 5. Bc4 Bg4 6. Qe2 e6 7. Ne4 Qd8 8.
d3 Nd5 9. Neg5 Bh5 10. Nxe6 fxe6 11. Qxe6+ Ne7 12. Ne5 Qd6 13. O-O Qxe6 14.
Bxe6 Nbc6 15. Bf4 Nd4 16. Bd7+ Kd8 17. Bg5 h6 18. Be3 Nxc2 19. Rac1 Nxe3 20.
fxe3 Nd5 21. Rf5 Nf6 22. Be6 Ke7 23. Bb3 c6 24. Rxh5 Nxh5 25. Ng6+ Kd8 26. Nxh8
g5 27. Bf7 Ke7 28. Bxh5 Bg7 29. Ng6+ Kd6 30. b3 Rd8 31. d4 Bf6 32. Rf1 Ke6 33.
Bg4+ Kf7 34. Ne5+ Kg7 35. Nd7 Be7 36. Be6 Bd6 37. Rf7+ Kg6 38. Rf6+ Kg7 39. Rf5
Re8 40. Rf7+ Kg6 41. Rf6+ Kg7 42. e4 Bf4 43. Rf7+ Kg6 44. Nf8+ Kh5 45. g4+ Kh4
46. Rh7 Be3+ 47. Kg2 1-0

[Event "Mittelfr. EM 2017 - Nebenturnier"]
[Site "Uttenreuth"]
[Date "2017.04.14"]
[Round "5.3"]
[White "Münzenberg, Dietrich"]
[Black "Petrashov, Alexander"]
[Result "0-1"]
[WhiteElo "1688"]
[BlackElo "1899"]
[PlyCount "92"]
[EventDate "2017.??.??"]
[WhiteTeam "Spvg Zabo-Eintracht Nürnberg e.V"]
[BlackTeam "SC Noris-Tarrasch Nürnberg 1873"]

1. d4 e6 2. c4 d5 3. Nf3 c6 4. cxd5 exd5 5. Nc3 Nf6 6. Bg5 Nbd7 7. e3 Bb4 8.
Bd3 Qa5 9. Qb3 Ne4 10. Rc1 Nxg5 11. Nxg5 Nf6 12. O-O O-O 13. a3 Bd6 14. Qc2 h6
15. Nh7 Nxh7 16. Bxh7+ Kh8 17. Bd3 Qc7 18. h3 Be6 19. Nb5 Bh2+ 20. Kh1 Qb8 21.
Nc3 Bd6 22. e4 dxe4 23. Nxe4 Bf4 24. Rcd1 Qc8 25. Ng3 Qc7 26. Ne2 Rad8 27. Bf5
Bd5 28. Be4 Rfe8 29. Bxd5 Rxd5 30. Rd3 Bg5 31. Rfd1 Red8 32. Nc3 R5d7 33. Ne4
Be7 34. b4 Qf4 35. Qe2 Kh7 36. g3 Qf5 37. g4 Qb5 38. Nc3 Qc4 39. Qe4+ Kg8 40.
Ne2 Bf6 41. Rc1 Qa2 42. Rcd1 Re7 43. Nc1 Qxf2 44. Qf3 Re1+ 45. Rxe1 Qxe1+ 46.
Kg2 Qxc1 0-1

[Event "Mittelfr. EM 2017 - Nebenturnier"]
[Site "Uttenreuth"]
[Date "2017.04.14"]
[Round "5.5"]
[White "Rummel, Gerald"]
[Black "Diller, Andreas"]
[Result "0-1"]
[WhiteElo "1772"]
[BlackElo "1894"]
[PlyCount "44"]
[EventDate "2017.??.??"]
[WhiteTeam "SC Anderssen Nürnberg 1929 e.V."]
[BlackTeam "SK Rothenburg e.V."]

1. d4 e6 2. Bf4 d5 3. e3 Nf6 4. Nd2 Be7 5. Bd3 O-O 6. c3 b6 7. Ngf3 Bb7 8. Ne5
Nbd7 9. Qf3 c5 10. h4 Re8 11. g4 Nxe5 12. dxe5 Nd7 13. Rh2 c4 14. Bc2 Nc5 15.
g5 d4 16. Qg3 dxc3 17. Nxc4 Nd3+ 18. Kf1 Nxb2 19. Nd6 Bxd6 20. exd6 Qd7 21. h5
e5 22. Bxe5 Qb5+ 0-1

[Event "Mittelfr. EM 2017 - Nebenturnier"]
[Site "Uttenreuth"]
[Date "2017.04.14"]
[Round "5.6"]
[White "Babichev, Vyacheslav"]
[Black "Grasser, Stefan"]
[Result "1-0"]
[WhiteElo "1863"]
[BlackElo "1755"]
[PlyCount "83"]
[EventDate "2017.??.??"]
[WhiteTeam "SC Schwarz-Weiß Nürnberg Süd e.V"]
[BlackTeam "Spvg Zabo-Eintracht Nürnberg e.V"]

1. b3 b6 2. Bb2 Bb7 3. d4 Nf6 4. Nd2 e6 5. Ngf3 Be7 6. e3 Ne4 7. Be2 O-O 8. O-O
d6 9. Rc1 Nd7 10. c4 Nxd2 11. Nxd2 f5 12. Bf3 Bxf3 13. Nxf3 Bf6 14. Qc2 Qe8 15.
Ba1 Qg6 16. Rfe1 e5 17. dxe5 dxe5 18. Rcd1 Rad8 19. b4 e4 20. Nd4 Bxd4 21. Bxd4
c5 22. Bc3 cxb4 23. Bxb4 Nc5 24. Bxc5 bxc5 25. Rd5 Rxd5 26. cxd5 Qd6 27. Rd1
Rb8 28. g3 Rb7 29. Qa4 Kf7 30. Kg2 a6 31. Qc2 g6 32. Qc3 Kg8 33. Qc2 h6 34. Qa4
Kf7 35. Rd2 Rb5 36. Qc4 Rb7 37. a3 Rd7 38. Qb3 h5 39. h4 Kg7 40. a4 Kf7 41. a5
Qc7 42. d6+ 1-0

[Event "Mittelfr. EM 2017 - Nebenturnier"]
[Site "Uttenreuth"]
[Date "2017.04.14"]
[Round "5.7"]
[White "Holl, Manfred"]
[Black "Dreiseitel, Werner"]
[Result "1-0"]
[WhiteElo "2109"]
[BlackElo "1597"]
[PlyCount "61"]
[EventDate "2017.??.??"]
[WhiteTeam "SGem Eckental"]
[BlackTeam "SG Fürth"]

1. e4 c6 2. d4 d5 3. Nc3 dxe4 4. Nxe4 Bf5 5. Ng3 Bg6 6. h4 f6 7. Bc4 Nd7 8. h5
Bf7 9. Bxf7+ Kxf7 10. c3 e6 11. N1e2 Bd6 12. Bf4 Nb6 13. Ne4 Bxf4 14. Nxf4 Ne7
15. Nc5 Nbd5 16. Ncxe6 Qd6 17. Qf3 Rhe8 18. O-O Ng8 19. Nxd5 Rxe6 20. Nf4 Re7
21. Rfe1 Rae8 22. Nd3 Qd7 23. Ne5+ Rxe5 24. dxe5 Re6 25. Rad1 Qc7 26. Qd3 Rxe5
27. Rxe5 Qxe5 28. Qc4+ Qe6 29. Rd7+ Ne7 30. Qxe6+ Kxe6 31. Rxb7 1-0

[Event "Mittelfr. EM 2017 - Nebenturnier"]
[Site "Uttenreuth"]
[Date "2017.04.14"]
[Round "5.8"]
[White "Diebel, Günter"]
[Black "Balhar, Michael"]
[Result "0-1"]
[WhiteElo "1874"]
[BlackElo "1791"]
[PlyCount "105"]
[EventDate "2017.??.??"]
[WhiteTeam "SC Schwarz-Weiß Nürnberg Süd e.V"]
[BlackTeam "SC Erlangen 48/88"]

1. e4 c5 2. Nf3 e6 3. Nc3 a6 4. d4 cxd4 5. Nxd4 Qc7 6. Bd3 Bc5 7. Be3 b5 8. Qh5
Be7 9. O-O Nf6 10. Qe2 Bb7 11. a3 O-O 12. f4 d6 13. Nf3 Nbd7 14. h3 Rac8 15.
Bd2 Nc5 16. e5 dxe5 17. fxe5 Nh5 18. Kh2 Nxd3 19. cxd3 g6 20. Rac1 Qd7 21. Ne4
Bxe4 22. Qxe4 Rxc1 23. Rxc1 Rd8 24. d4 Ng7 25. g4 f5 26. Qc6 fxg4 27. hxg4 h5
28. gxh5 gxh5 29. Qxd7 Rxd7 30. Rc6 Ra7 31. Be3 Ra8 32. Bg5 Rf8 33. Bxe7 Rxf3
34. Rc8+ Kh7 35. Bf6 Nf5 36. Rc7+ Kg6 37. Rd7 Rf2+ 38. Kg1 Rxb2 39. d5 Rb1+ 40.
Kf2 Rb2+ 41. Kg1 exd5 42. Rxd5 Rb3 43. a4 bxa4 44. Ra5 a3 45. Rxa6 Rb1+ 46. Kh2
Rb2+ 47. Kg1 a2 48. Bh4+ Kh7 49. Ra7+ Ng7 50. Bf6 Rb1+ 51. Kg2 a1=Q 52. Rxg7+
Kh6 53. e6 0-1

[Event "Mittelfr. EM 2017 - Nebenturnier"]
[Site "Uttenreuth"]
[Date "2017.04.14"]
[Round "5.9"]
[White "Walter, Manfred"]
[Black "Hauck, Martin"]
[Result "1-0"]
[WhiteElo "1800"]
[BlackElo "1488"]
[PlyCount "75"]
[EventDate "2017.??.??"]
[WhiteTeam "SV Lauf a.d.P."]
[BlackTeam "SC Noris-Tarrasch Nürnberg 1873"]

1. f4 d5 2. g3 Nf6 3. Nf3 Nc6 4. Bg2 e6 5. O-O Bd6 6. d3 Qe7 7. c3 b5 8. Qc2
O-O 9. e4 dxe4 10. dxe4 Ng4 11. h3 Bc5+ 12. Kh1 Ne3 13. Bxe3 Bxe3 14. Qe2 Bb6
15. Qxb5 Bd7 16. Qe2 a6 17. Na3 Na5 18. b4 Nb7 19. Nc4 Ba7 20. Nfe5 Be8 21.
Rfd1 Nd6 22. Na5 c5 23. Qxa6 Bb5 24. Qxd6 Qf6 25. Nac6 Qh6 26. Nxa7 Rxa7 27.
Qxc5 Rb7 28. a4 Be2 29. Rd2 Bh5 30. Qe3 f6 31. Nf3 e5 32. Qd3 Rbb8 33. fxe5
fxe5 34. Nxe5 Rbd8 35. Qxd8 Bg4 36. Qd5+ Kh8 37. Nf7+ Rxf7 38. Qd8+ 1-0

[Event "Mittelfr. EM 2017 - Nebenturnier"]
[Site "Uttenreuth"]
[Date "2017.04.14"]
[Round "5.10"]
[White "Huber, Dominik"]
[Black "Walter, Gabriele"]
[Result "1-0"]
[WhiteElo "1259"]
[BlackElo "1552"]
[PlyCount "151"]
[EventDate "2017.??.??"]
[WhiteTeam "SC Noris-Tarrasch Nürnberg 1873"]
[BlackTeam "SV Lauf a.d.P."]

1. d4 d5 2. c4 c6 3. Nc3 dxc4 4. e4 Nf6 5. Bxc4 e6 6. Nf3 Be7 7. O-O O-O 8. Bf4
b6 9. Qd3 b5 10. Bb3 Ba6 11. Ne2 b4 12. Qe3 Nbd7 13. Rfc1 Bb7 14. h3 Rc8 15. d5
cxd5 16. exd5 Nxd5 17. Qxa7 Nxf4 18. Nxf4 Bxf3 19. gxf3 Bg5 20. Rxc8 Qxc8 21.
Nxe6 fxe6 22. Bxe6+ Kh8 23. Qxd7 Qxd7 24. Bxd7 Rxf3 25. Re1 g6 26. Re8+ Kg7 27.
Re4 Rf4 28. Rxf4 Bxf4 29. a4 bxa3 30. bxa3 Bd2 31. a4 Kf6 32. Kg2 g5 33. Kf3 h5
34. Be8 h4 35. Ke4 Be1 36. f3 Bd2 37. Kd5 Bc3 38. Kc4 Be1 39. Kb5 Ke5 40. Bd7
Kf4 41. Bg4 Ke5 42. a5 Kd6 43. Kb6 Bf2+ 44. Kb7 Bc5 45. a6 Bd4 46. a7 Bxa7 47.
Kxa7 Kc7 48. Bf5 Kd6 49. Kb7 Ke5 50. Bg4 Kd6 51. Kc8 Ke7 52. Kc7 Kf6 53. Kd6
Kg6 54. Ke6 Kg7 55. Bh5 Kh6 56. Be8 Kg7 57. Kf5 Kf8 58. Bb5 Kg7 59. Kxg5 Kh8
60. Kf6 Kh7 61. Ke7 Kg6 62. Bd7 Kg5 63. Bg4 Kf4 64. Kf6 Kg3 65. Kg5 Kf2 66. f4
Kg3 67. f5 Kg2 68. f6 Kg3 69. f7 Kg2 70. f8=Q Kg1 71. Qc5+ Kg2 72. Qc3 Kh2 73.
Kxh4 Kg2 74. Qc2+ Kf1 75. Bf3 Ke1 76. Qe2# 1-0

[Event "Mittelfr. EM 2017 - Nebenturnier"]
[Site "Uttenreuth"]
[Date "2017.04.14"]
[Round "6.1"]
[White "Friedrich, Michael"]
[Black "Luther, Helmut"]
[Result "1/2-1/2"]
[WhiteElo "1541"]
[BlackElo "2006"]
[PlyCount "57"]
[EventDate "2017.??.??"]
[WhiteTeam "SC Erlangen 48/88"]
[BlackTeam "SC Schwarz-Weiß Nürnberg Süd e.V"]

1. e4 d5 2. exd5 Qxd5 3. Nf3 Bg4 4. Be2 Nc6 5. Nc3 Qd7 6. d4 e6 7. O-O O-O-O 8.
Be3 Nf6 9. Ne5 Nxe5 10. dxe5 Qxd1 11. Raxd1 Rxd1 12. Rxd1 Bxe2 13. Nxe2 Nd7 14.
f4 a6 15. Nc3 Bc5 16. Kf2 Bxe3+ 17. Kxe3 Nb6 18. b3 Rg8 19. Ne4 h6 20. h4 Nd5+
21. Kf3 h5 22. c4 Ne7 23. Ng5 Rf8 24. g4 hxg4+ 25. Kxg4 Nf5 26. Rd2 Ne3+ 27.
Kf3 Nf5 28. Kg4 Ne3+ 29. Kf3 1/2-1/2